Every Game on the Toys For Bob Wall Of Games - Statistics

General Stats
  • This quiz has been taken 4 times
  • The average score is 3 of 17
Answer Stats
Release Year Game % Correct
2020 Crash Bandicoot 4: It’s About Time
50%
2012 Skylanders: Giants
50%
2016 Skylanders: Imaginators
50%
2011 Skylanders: Spyro's Adventure
50%
2014 Skylanders: Trap Team
50%
2018 Spyro Reignited Trilogy
50%
2017 Crash Bandicoot N. Sane Trilogy
25%
2000 Disney's 102 Dalmatians: Puppies to the Rescue
0%
2003 Disney's Extreme Skate Adventure
0%
2005 Madagascar
0%
2008 Madagascar: Escape 2 Africa
0%
1999 Majokko Daisakusen: Little Witching Mischiefs
0%
1996 Pandemonium!
0%
1990 Star Control
0%
1992 Star Control II
0%
1994 The Horde
0%
2006 Tony Hawk's Downhill Jam
0%
No matching quizzes found
Score Distribution
Percent of People with Each Score
Percentile by Number Answered
Your Score History
You have not taken this quiz